ბათუმის შოთა რუსთაველის სახელმწიფო უნივერსიტეტის ბიბლიოთეკა

ტურიზმის ინდუსტრია და საქართველოს შრომის ბაზრის განვითარების პერსპექტივები / (ბიბ.ჩანაწერი № 59322)

000 -ლიდერი
ფიქსირებული სიგრძის საკონტროლო ველი 01219nam a22002297a 4500
003 - საკონტროლო ნომრის იდენტიფიკატორი
საკონტროლო ველი Ge_BSU
005 - ბოლო ოპერაციის თარიღი და დრო
საკონტროლო ველი 20230123095245.0
008 - ფიქსირებული სიგრძის მონაცემთა ელემენტები - ზოგადი ინფორმაცია
ფიქსირებული სიგრძის საკონტროლო ველი 230120s2021 ge ||||| |||| 00| 0 geo d
020 ## - წიგნის საერთაშორისო სტანდარტული ნომერი
International Standard Book Number 9789941495397
041 ## - ენის კოდი
Language code of text/sound track or separate title geo
080 ## - უნივერსალური ათობითი კლასიფიკაციის ინდექსი
Universal Decimal Classification number 338.487 დ-42
100 ## - მთავარი ჩანაწერი - პიროვნების სახელი
Personal name დიაკონიძე, მაია
9 (RLIN) 6126
245 ## - ცნობა სათაურის შესახებ
Title ტურიზმის ინდუსტრია და საქართველოს შრომის ბაზრის განვითარების პერსპექტივები /
Statement of responsibility, etc მაია დიაკონიძე; რედ. თამილა არნანია-კეპულაძე.
264 ## - წარმოების, გამოცემის, დისტრიბუციის და სხვა ცნობები
გამოცემის, წარმოების, დისტრიბუციის... ადგილი ქუთაისი:
გამოცემის, წარმოების, დისტრიბუციის... სახელწოდება აწსუ,
გამოცემის, წარმოების, დისტრიბუციის... თარიღი 2021.
300 ## - ფიზიკური აღწერა
Extent 242 გვ.:
Other physical details ილ.;
Dimensions 22 სმ.
501 ## - შენიშვნა თანმხლებ მასალაზე
With note დანართი გვ. 237-241
504 ## - BIBLIOGRAPHY, ETC. NOTE
Bibliography, etc ბიბლიოგრ. გვ.224-235
653 ## - INDEX TERM--UNCONTROLLED
Uncontrolled term ტურიზმის ეკონომიკა.
700 ## - ADDED ENTRY--PERSONAL NAME
Personal name არნანია-კეპულაძე, თამილა
Relator term რედაქტორი
9 (RLIN) 16735
710 ## - ADDED ENTRY--CORPORATE NAME
Corporate name or jurisdiction name as entry element აკაკი წერეთლის სახელმწიფო უნივერსიტეტი
9 (RLIN) 16736
942 ## - ADDED ENTRY ELEMENTS (KOHA)
Source of classification or shelving scheme
Koha item type წიგნი
ეგზემპლარები
ჩამოწერის სტატუსი დაკარგული ეგზემპლარის სტატუსი კლასიფიკაციის წყარო ან თაროზე გაწყობის სქემა დაზიანების სტატუსი არ გაიცემა მუდმივი მდებარეობა (დაცვის ადგილი) ამჟამინდელი ადგილსამყოფელი თაროზე განთავსების ადგილი შეძენის თარიღი ღირებულება, შესყიდვის ნორმალური ფასი სრული შენახვის შიფრი შტრიხკოდი ბოლო ოპერაციის თარიღი ეგზემპლარის მიმდევრობითი ნომერი (კეტერი?) ფასის ძალაში შესვლის თარიღი ეგზემპლარის სახეობა საჯარო შენიშვნა
          აგრარული და მემბრანული ტექნოლოგიების ინსტიტუტის ბიბლიოთეკა აგრარული და მემბრანული ტექნოლოგიების ინსტიტუტის ბიბლიოთეკა წიგნსაცავი 2023-01-20 10.00 338.487 დ-42 63465 2023-01-20 63465 2023-01-20 წიგნი 10 ლ.